| 000 | 01114nam a2200193 i 4500 | ||
|---|---|---|---|
| 001 | 43526 | ||
| 003 | ES-MaACL | ||
| 005 | 20240224062533.0 | ||
| 007 | t| | ||
| 008 | 030318m18961897sp |||| | spa d | ||
| 100 | 1 |
_aCervantes Saavedra, Miguel de, _d1547-1616 _9226514 |
|
| 245 | 1 | 0 |
_aTeatro completo / _cde Miguel de Cervantes Saavedra. |
| 260 |
_aMadrid : _bHernando y Cía., _c1896-1897. |
||
| 300 |
_a3 v. (372, 419, 376 p.) ; _c18 cm. |
||
| 505 | 8 | _aContiene: t. 1. El trato de Argel ; La Numancia ; El gallardo español ; La casa de los celos - t. 2. Los baños de Argel ; Pedro de Urdemalas ; El rufián dichoso ; La gran sultana - t. 3. El laberinto de amor ; La entretenida ; Los dos habladores ; La elección de los alcaldes ; La cárcel de Sevilla ; El juez de los divorcios ; El retablo de las maravillas ; El hospital de los podridos ; La cueva de Salamanca ; El rufián viudo ; El vizcaíno fingido ; La guarda cuidadosa ; El viejo celoso | |
| 852 |
_aES-MaACL _jF-13048-50 |
||
| 856 |
_uhttp://bdh-rd.bne.es/viewer.vm?id=0000177621&page=1 _zBiblioteca Digital Hispánica |
||
| 999 |
_c43526 _d43526 |
||